<?xml version="1.0" encoding="UTF-8"?>
<record
    xmlns:xsi="http://www.w3.org/2001/XMLSchema-instance"
    xsi:schemaLocation="http://www.loc.gov/MARC21/slim http://www.loc.gov/standards/marcxml/schema/MARC21slim.xsd"
    xmlns="http://www.loc.gov/MARC21/slim">

  <leader>02693cab a2200361Ia 45 0</leader>
  <controlfield tag="001">u211636</controlfield>
  <controlfield tag="003">SIRSI</controlfield>
  <controlfield tag="008">160406s2015    ua     ss b         eng d</controlfield>
  <datafield tag="040" ind1=" " ind2=" ">
    <subfield code="a">EAL</subfield>
  </datafield>
  <datafield tag="041" ind1=" " ind2=" ">
    <subfield code="a">eng</subfield>
    <subfield code="b">ara</subfield>
  </datafield>
  <datafield tag="090" ind1=" " ind2=" ">
    <subfield code="a">ART ZJAR V42 NO4 5</subfield>
  </datafield>
  <datafield tag="100" ind1="1" ind2=" ">
    <subfield code="a">Elwan, Mohammed W. M. </subfield>
  </datafield>
  <datafield tag="240" ind1="1" ind2="0">
    <subfield code="a">Zagazig journal of agricultural research, 2015 v. 42 (3)</subfield>
    <subfield code="h">[electronic resource].</subfield>
  </datafield>
  <datafield tag="245" ind1="1" ind2="0">
    <subfield code="a">Yield and quality of spinach and parsley affected by nitrogen fertilizer sources and di-potassium hydrogen ortho-phosphate</subfield>
    <subfield code="h">[electronic resource].</subfield>
  </datafield>
  <datafield tag="246" ind1="1" ind2="5">
    <subfield code="a">&#x62A;&#x623;&#x62B;&#x64A;&#x631; &#x645;&#x635;&#x627;&#x62F;&#x631; &#x627;&#x644;&#x633;&#x645;&#x627;&#x62F; &#x627;&#x644;&#x646;&#x62A;&#x631;&#x648;&#x62C;&#x64A;&#x646;&#x649; &#x648;&#x641;&#x648;&#x633;&#x641;&#x627;&#x62A; &#x627;&#x644;&#x628;&#x648;&#x62A;&#x627;&#x633;&#x64A;&#x648;&#x645; &#x639;&#x644;&#x649; &#x645;&#x62D;&#x635;&#x648;&#x644; &#x648;&#x62C;&#x648;&#x62F;&#x629; &#x627;&#x644;&#x633;&#x628;&#x627;&#x646;&#x62E; &#x648;&#x627;&#x644;&#x628;&#x642;&#x62F;&#x648;&#x646;&#x633;.</subfield>
  </datafield>
  <datafield tag="300" ind1=" " ind2=" ">
    <subfield code="a">p.683-698</subfield>
  </datafield>
  <datafield tag="504" ind1=" " ind2=" ">
    <subfield code="a">Includes references.</subfield>
  </datafield>
  <datafield tag="520" ind1=" " ind2=" ">
    <subfield code="a">Two experiments were carried out during 2011/2012 and 2012/2013 seasons at the Experimental Farm, F.aculty of Agriculture, Suez Canal University, lsmailia, Egypt, to understand the effect of nitrogen forms (ammonium sulfate and urea) and di-potassium hydrogen ortho-phosphate (K2HP04) on yield, nitrate and vitamin C content as well as nitrate reductase activity of spinach and parsley. Pot experiment results revealed that ammonium sulfate-fertilized plants produced significantly higher yield and nitrate content than urea-fertilized plants. K2HP04 improved the yield with less accumulation of nitrate. Lower sodium and calcium were found in K2HP04 fertilized.,spinach plants. Whereas, the results of open field showed that the yield was increased by increasing K2HP04 up to 15 and 20 mM in spinach and parsley, respectively. Previous effect was associated with a significantly lower nitrate and high nitrate reductase activity. K2HP04 at 15 mM gave the highest vitamin C, 112.11 and 253.08 mglOO g-1 FW for spinach and parsley, respectively. The higher nitrate reductase activity was associated with lower nitrate (r = -0.87) in plants-treated with K2HP04&#x2022; It could be concluded that, supplementation ofK2HP04 could reduce the leafN03- concentration to safety levels for consumption in both spinach and parsley.</subfield>
  </datafield>
  <datafield tag="546" ind1=" " ind2=" ">
    <subfield code="a">Summary in Arabic.</subfield>
  </datafield>
  <datafield tag="650" ind1=" " ind2="0">
    <subfield code="a">Spinach</subfield>
    <subfield code="x">Fertilizers.</subfield>
  </datafield>
  <datafield tag="650" ind1=" " ind2="0">
    <subfield code="a">Parsley</subfield>
    <subfield code="x">Fertilizers</subfield>
  </datafield>
  <datafield tag="650" ind1=" " ind2="0">
    <subfield code="a">Parsley</subfield>
    <subfield code="x">Quality</subfield>
  </datafield>
  <datafield tag="650" ind1=" " ind2="0">
    <subfield code="a">Parsley</subfield>
    <subfield code="x">Yields.</subfield>
  </datafield>
  <datafield tag="650" ind1=" " ind2="0">
    <subfield code="a">Spinach</subfield>
    <subfield code="x">Yields</subfield>
  </datafield>
  <datafield tag="650" ind1=" " ind2="0">
    <subfield code="a">Spinach</subfield>
    <subfield code="x">Quality</subfield>
  </datafield>
  <datafield tag="650" ind1=" " ind2="0">
    <subfield code="a">Potassium fertilizers</subfield>
  </datafield>
  <datafield tag="650" ind1=" " ind2="0">
    <subfield code="a">Nitrogen fertilizers</subfield>
  </datafield>
  <datafield tag="653" ind1=" " ind2=" ">
    <subfield code="a">sodium dihydrogen orthophosphate</subfield>
  </datafield>
  <datafield tag="700" ind1="1" ind2=" ">
    <subfield code="a">Elhamahmy, M. A.</subfield>
  </datafield>
  <datafield tag="773" ind1="0" ind2=" ">
    <subfield code="t">Zagazig Journal of Agricultural Research. </subfield>
    <subfield code="g">2015.v.42(4)</subfield>
    <subfield code="x">1110-0338</subfield>
    <subfield code="7">nnas</subfield>
    <subfield code="w">u158356</subfield>
  </datafield>
  <datafield tag="856" ind1="4" ind2="0">
    <subfield code="u">http://nile.enal.sci.eg/EALE/2015/ZJAR/4215/4/683.pdf</subfield>
    <subfield code="z">Full Text Article.</subfield>
  </datafield>
  <datafield tag="596" ind1=" " ind2=" ">
    <subfield code="a">1</subfield>
  </datafield>
  <datafield tag="942" ind1=" " ind2=" ">
    <subfield code="c">AR</subfield>
    <subfield code="2">lcc</subfield>
  </datafield>
  <datafield tag="999" ind1=" " ind2=" ">
    <subfield code="c">60631</subfield>
    <subfield code="d">60631</subfield>
  </datafield>
</record>
